| 000 | 01136nam0a22003251 4500 | ||
|---|---|---|---|
| 001 | rc\2281790 | ||
| 005 | 20250623042055.0 | ||
| 035 | _a(NLR Aleph) 006561017 | ||
| 090 |
_a6843480 _c6843480 |
||
| 100 | _a20110829d1977 |||y0rusy50 ca | ||
| 101 | 0 | _arus | |
| 102 | _aRU | ||
| 105 | _ay z ||||| | ||
| 200 | 1 |
_aВозмещение основного капитала как фактор экономического роста _fА.Н. Цыгичко |
|
| 210 |
_aМосква _cМысль _d1977 |
||
| 215 |
_a239 с. _d20 |
||
| 320 | _aСписок лит.: с. 236-238 | ||
| 606 |
_aКапиталистическое воспроизводство _2psbo |
||
| 606 |
_aСредства труда при капитализме _2psbo |
||
| 606 |
_aОсновной капитал _2psbo |
||
| 686 |
_aУ830.0-571.1 _2rubbk |
||
| 686 |
_aУ011.516 _2rubbk |
||
| 700 | 1 |
_aЦыгичко _bА.Н. _gАлександр Николаевич |
|
| 801 | 0 |
_aRU _bNLR _gpsbo |
|
| 801 | 1 |
_aRU _bELAR _2rusmarc |
|
| 852 |
_aNLR _j77-3/6990 |
||
| 899 |
_aRuMoRGB _jБ 77-3/837 |
||
| 899 |
_aRuMoRGB _jБ 77-3/838 |
||
| 942 | _cBOOK | ||
| 980 | _aNB | ||